000 00628nam a2200241Ia 4500
003 OSt
005 20221007065413.0
006 a|||||r|||| 00| 0
007 ta
008 221006b |||||||| |||| 00| 0 eng d
024 _a7,951
037 _cTextual
040 _aFLL
_cFLL
_beng
041 _2eng
_aeng
082 _aY17:4:52.3, L0
100 _aHepple Bob
_9287642
245 0 _aRace, jobs and the law in Britain
250 _a2nd
260 _aEngland
_bPenguin Books Ltd England
_c1980
300 _a343p
_ccm.
942 _hY17:4:52.3, L0
_cTEXL
_2CC
999 _c1137198
_d1137198